000
00217nam a2200097Ia 4500
008
230508s1986 xx 000 0 und d
041
_a
eng
100
_a
WRIGHT G.G.L.
245
_a
MASTERING COMPUTERS
260
_c
1986
999
_c
319636
_d
319636